Les Maraudeurs (Harry Potter) - Statistiques

Statistiques générales
  • Ce quiz a été pris 1 367 fois
  • Le résultat moyen est 25 sur 34
Statistiques - réponses
Réponse % Correct
James
98%
Remus
97%
Sirius
97%
Lupin
96%
Peter
96%
Potter
96%
Black
95%
Chien
93%
Gryffondor
93%
Loup-Garou
93%
Harry Potter
92%
Rat
92%
Cerf
91%
Nymphadora Tonks
89%
Patmol
89%
Lunard
86%
Pettigrow
84%
Teddy Lupin
83%
Cornedrue
82%
Lily Evans
82%
Bellatrix Lestrange
76%
Queudver
76%
Poudlard
74%
Ministère de la Magie
67%
Godric's Hollow
58%
Lord Voldemort
57%
Peter Pettigrow
53%
John
44%
Manoir des Malefoy
42%
Antonin Dolohov
26%
Octobre 1981
16%
Mai 1998
15%
Juin 1996
14%
Mars 1998
13%
Aucun quiz correspondant
Distribution des résultats
% des personnes avec chaque résultat
Percentile par nombre de réponses
Votre historique - résultats
Vous n’avez pas pris ce quiz